Antologia poética (Record no. 182196)

MARC details
000 -LÍDER
campo de controle de tamanho fixo 00364 a2200169 4500
001 - NÚMERO DE CONTROLE
campo de controle 182196
020 ## - ISBN - INTERNATIONAL STANDARD BOOK NUMBER
ISBN - International Standard Book Number 85-01-02612-3
040 ## - FONTE DA CATALOGAÇÃO
Instituição que transcreveu o registro Magnum
100 ## - ENTRADA PRINCIPAL--NOME PESSOAL
Nome pessoal Andrade, Carlos Drummond de
240 10 - TÍTULO UNIFORME
Título uniforme Antologia poética
Idioma da obra por
245 10 - TÍTULO
Título Antologia poética
300 ## - DESCRIÇÃO FÍSICA
Extensão 271
362 0# - DATAS DE PUBLICAÇÃO E/OU DESIGNAÇÃO SEQUENCIAL
Datas de publicação e/ou designação sequencial 1999
440 #1 - DECLARAÇÃO DE SÉRIE/ENTRADA ADICIONADA--TÍTULO
Título Record
697 ## - ENTRADA DE ASSUNTO LOCAL--ENTIDADE COLETIVA (RLIN)
Nome corporativo ou nome da jurisdição LITERATURA GERAL
942 ## - ELEMENTOS DE ENTRADA ADICIONADOS (KOHA)
Tipo de material Koha Livros
Holdings
Situação do descarte Situação das perdas Situação física Não pode ser emprestado Biblioteca de origem Biblioteca atual Data de aquisição Total de empréstimos Número de chamada completo Código de barras Data de último acesso Data do preço efetivo Tipo de material Koha
        Magnum Magnum 08/06/2024   869.4.40 MAG00032918 08/06/2024 08/06/2024 Livros
        Magnum Magnum 08/06/2024   869.4.40 MAG00032919 08/06/2024 08/06/2024 Livros
        Magnum Magnum 08/06/2024   869.4.40 MAG00032920 08/06/2024 08/06/2024 Livros
        Magnum Magnum 08/06/2024   869.4.40 MAG00032921 08/06/2024 08/06/2024 Livros
        Magnum Magnum 08/06/2024   869.4.40 MAG00032922 08/06/2024 08/06/2024 Livros
        Magnum Magnum 08/06/2024   869.4.40 MAG00032923 08/06/2024 08/06/2024 Livros